000 00495nam a2200133 4500
999 _c8640
_d8640
008 180215b xxu||||| |||| 00| 0 eng d
082 _aDPer 050 Dec 2015-Mar 2016 T48 v186-187
100 _926489
_aSchrobsdorff, Susanna.
245 _aMy open-plan life and other tales of communal existence/
_cSusanna Schrobsdorff.
260 _aNew York :
_bTime Inc.,
_c©Dec 2015-Mar 2016.
300 _av187 n1, page 46:
_billustrations;
_c27 cm.
650 0 _926490
_aPerforming arts.
942 _2ddc
_cPER